| 000 | 01041nam a2200229 a 4500 | ||
|---|---|---|---|
| 001 | 18321813 | ||
| 008 | 161031s2015 ||||||||||||||||| || u | ||
| 010 | _a2014952894 | ||
| 020 | _a9781446294383 | ||
| 050 | _aHD 57.7 Lea | ||
| 100 | _aTaylor, Scott | ||
| 245 | 1 | 0 |
_aLeadership: contemporary critical perspectives _cEdited by Brigid Carroll, Jackie Ford and Scott Taylor. |
| 260 |
_aLondon _bSAGE Publications _c2015 |
||
| 300 | _axxvii, 298 pages: ill. | ||
| 500 | _aIncludes bibliographical references (pages 272-289) and index. | ||
| 505 | _aClassical theories of leadership -- Leading in context -- Contemporary perspectives. | ||
| 650 | 0 | _aLEADERSHIP | |
| 700 | _aFord, Jackie | ||
| 700 | _aCarroll, Brigid | ||
| 995 |
_aMAIN LIBRARY OPEN ACCESS _e747161 _FCBU-MAIN LIBRARY (Kitwe) _jHD 57.7 Lea _M2 _UAVAILABLE _WOct 31, 2016 _y747161 _ZMain Library Open Access Collection |
||
| 995 |
_aMAIN LIBRARY OPEN ACCESS _e747162 _FCBU-MAIN LIBRARY (Kitwe) _jHD 57.7 Lea _M1 _UAVAILABLE _WOct 31, 2016 _y747162 _ZMain Library Open Access Collection |
||
| 999 |
_c80644 _d80644 |
||